| 000 | 00653nam a2200241Ia 4500 | ||
|---|---|---|---|
| 008 | 160319s9999 xx 000 0 und d | ||
| 020 | _a971-513-179-4 | ||
| 050 | _aFIL RT 41 | ||
| 050 | _b.U33 2004 c.3 | ||
| 100 | _aUdan, Josie Quiambao - | ||
| 245 | _aMastering fundamentals of nursing : | ||
| 245 | _bconcepts and clinical application / | ||
| 245 | _cJosie Quiambao - Udan. | ||
| 250 | _a2nd Edition | ||
| 260 | _aManila : | ||
| 260 | _bEducational Pub. House, | ||
| 260 | _c2004 | ||
| 300 | _a427 pages : | ||
| 300 | _billustrations ; | ||
| 300 | _c26 cm. | ||
| 500 | _aIncludes bibliographical references. | ||
| 650 | _aNursing. | ||
| 999 |
_c291924 _d291924 |
||